Palaos pour les touristes... - Statistiques

Statistiques générales
  • Ce quiz a été pris 4 fois
    2 depuis la dernière actualisation
  • Le résultat moyen est 8 sur 21
Statistiques - réponses
Question Indice Réponses % Correct
Combien d'heures (environ) mettrez-vous pour vous y rendre ? (en chiffres) 26
100%
Quelles sont les langues officielles ? Anglais
100%
La conduite se fait à droite ou à gauche ? Droite
100%
Avez-vous besoin d'un visa ? (oui/non) oui
100%
Dans la capitale y-a-t-il un décalage horaire avec Paris ? (oui/non) Oui
100%
Quel est le climat local ? T Tropical
100%
La vitesse est limitée à {40} km/h
50%
A quelle région appartient ce pays M Micronésie
50%
Achats à faire 3/ Objets issu des coquillages en... Nacre
50%
Achats à faire 1/ Clichés Photos
50%
Comment se nomme la principale compagnie aérienne locale AA Asiana Airlines
0%
Quelles sont les principaux lieux touristiques ? B Babeldaob
0%
La religion majoritaire est Catholicisme
0%
Quelle est la monnaie ? Dollar américain
0%
Quelles sont les principaux lieux touristiques ? C Iles {Chalbacheb}
0%
Quelles sont les principaux lieux touristiques ? K Koror
0%
Quelles sont les langues officielles ? Paluan
0%
Le suffixe internet est pw
0%
Le principal aéroport est nommé RT Roman Tmetuchl
0%
Quelles sont les principaux lieux touristiques ? A Spot d'{Angaur}
0%
Achats à faire 2/ Pour les collectionneurs Timbres
0%
Aucun quiz correspondant
Distribution des résultats
% des personnes avec chaque résultat
Percentile par nombre de réponses
Votre historique - résultats
Vous n’avez pas pris ce quiz depuis la dernière actualisation